[Event "European Chess Club Cup 2023"]
[Site "Durres, Albania"]
[Date "2023.10.05"]
[Round "5.41"]
[White "Samadov, Read"]
[Black "Reuker, Jari"]
[Result "1-0"]
[TimeControl "90' + 30' & 30\""]
[WhiteElo "2492"]
[BlackElo "2403"]

1. Nf3 {[%clk 01:30:56]} {[%emt 00:00:03]} d5 {[%clk 01:29:50]} {[%emt
00:01:11]} 2. g3 {[%clk 01:31:15]} {[%emt 00:00:11]} Nf6 {[%clk 01:30:00]}
{[%emt 00:00:20]} 3. Bg2 {[%emt 00:02:34]} c5 {[%clk 01:28:07]} 4. O-O {[%clk
01:29:35]} {[%emt 00:02:29]} e6 {[%clk 01:27:52]} {[%emt 00:00:45]} 5. c4
{[%clk 01:29:02]} {[%emt 00:01:03]} d4 {[%clk 01:27:52]} {[%emt 00:00:29]} 6.
e3 {[%clk 01:29:00]} {[%emt 00:00:33]} Nc6 {[%clk 01:28:17]} {[%emt 00:00:05]}
7. exd4 {[%clk 01:28:46]} {[%emt 00:00:44]} cxd4 {[%clk 01:28:41]} {[%emt
00:00:06]} 8. d3 {[%clk 01:28:53]} {[%emt 00:00:22]} Bd6 {[%clk 01:29:06]}
{[%emt 00:00:06]} 9. Bg5 {[%clk 01:28:38]} {[%emt 00:00:44]} h6 {[%clk
01:29:30]} {[%emt 00:00:07]} 10. Bxf6 {[%clk 01:29:01]} {[%emt 00:00:07]} gxf6
{[%clk 01:29:55]} {[%emt 00:00:05]} 11. Nbd2 {[%clk 01:19:02]} {[%emt
00:10:29]} Kf8 {[%clk 01:28:33]} {[%emt 00:01:52]} 12. Rc1 {[%clk 01:13:36]}
{[%emt 00:05:56]} a5 {[%clk 01:22:13]} {[%emt 00:06:50]} 13. a3 {[%clk
01:09:13]} {[%emt 00:04:53]} h5 {[%clk 00:57:30]} {[%emt 00:25:12]} 14. c5
{[%clk 01:00:14]} {[%emt 00:09:30]} Be7 {[%clk 00:51:58]} {[%emt 00:06:02]} 15.
Rc4 {[%clk 00:51:42]} {[%emt 00:09:02]} e5 {[%clk 00:50:09]} {[%emt 00:02:18]}
16. Qe2 {[%clk 00:41:54]} {[%emt 00:10:19]} Bg4 {[%clk 00:46:25]} {[%emt
00:04:15]} 17. b4 {[%clk 00:35:54]} {[%emt 00:06:29]} axb4 {[%clk 00:46:10]}
{[%emt 00:00:45]} 18. axb4 {[%clk 00:36:20]} {[%emt 00:00:04]} Ra2 {[%clk
00:43:43]} {[%emt 00:02:57]} 19. Rfc1 {[%clk 00:32:53]} {[%emt 00:03:57]} Rb2
{[%clk 00:39:12]} {[%emt 00:05:01]} 20. Rb1 {[%clk 00:29:05]} {[%emt 00:04:19]}
Rxb1+ {[%clk 00:38:56]} {[%emt 00:00:46]} 21. Nxb1 {[%clk 00:29:34]} {[%emt
00:00:01]} Be6 {[%clk 00:37:37]} {[%emt 00:01:48]} 22. Nbd2 {[%clk 00:27:35]}
{[%emt 00:02:29]} Bxc4 {[%clk 00:35:57]} {[%emt 00:02:10]} 23. Nxc4 {[%clk
00:27:57]} {[%emt 00:00:08]} Nxb4 {[%clk 00:35:46]} {[%emt 00:00:41]} 24. Nh4
{[%clk 00:27:05]} {[%emt 00:01:21]} Qd7 {[%clk 00:25:50]} {[%emt 00:10:27]} 25.
Qf3 {[%clk 00:20:56]} {[%emt 00:06:39]} Nc6 {[%clk 00:06:47]} {[%emt 00:19:33]}
26. Nd6 {[%clk 00:19:09]} {[%emt 00:02:17]} Nd8 {[%clk 00:04:25]} {[%emt
00:02:52]} 27. h3 {[%clk 00:13:46]} {[%emt 00:05:53]} Qc6 {[%clk 00:04:05]}
{[%emt 00:00:50]} 28. Qf5 {[%clk 00:13:14]} {[%emt 00:01:03]} Qxc5 {[%clk
00:04:13]} {[%emt 00:00:22]} 29. Nxb7 {[%clk 00:13:04]} {[%emt 00:00:39]} Qc1+
{[%clk 00:03:23]} {[%emt 00:01:20]} 30. Kh2 {[%clk 00:13:33]} Nxb7 {[%clk
00:02:50]} {[%emt 00:01:03]} 31. Bxb7 {[%clk 00:13:58]} {[%emt 00:00:05]} Qc7
{[%clk 00:02:04]} {[%emt 00:01:16]} 32. Bd5 {[%clk 00:13:58]} {[%emt 00:00:30]}
Ke8 {[%clk 00:02:02]} {[%emt 00:00:33]} 33. Qf3 {[%clk 00:13:53]} {[%emt
00:00:34]} Qd6 {[%clk 00:01:29]} {[%emt 00:01:03]} 34. Nf5 {[%clk 00:14:09]}
{[%emt 00:00:14]} Qb6 {[%clk 00:01:33]} {[%emt 00:00:27]} 35. Bc4 {[%clk
00:13:43]} {[%emt 00:00:56]} Qd8 {[%clk 00:00:40]} {[%emt 00:01:23]} 36. Qb7
{[%clk 00:13:16]} {[%emt 00:00:55]} Kf8 {[%clk 00:00:52]} {[%emt 00:00:19]} 37.
h4 {[%clk 00:10:24]} {[%emt 00:03:22]} Rh7 {[%clk 00:01:19]} {[%emt 00:00:03]}
38. Kg1 {[%clk 00:08:20]} {[%emt 00:02:34]} Ba3 {[%clk 00:01:24]} {[%emt
00:00:26]} 39. Kf1 {[%clk 00:07:40]} {[%emt 00:01:09]} Kg8 {[%clk 00:01:08]}
{[%emt 00:00:46]} 40. Kg2 {[%clk 00:05:41]} {[%emt 00:02:29]} Bf8 {[%clk
00:00:45]} {[%emt 00:00:53]} 41. Qc6 {[%clk 00:01:45]} {[%emt 00:04:24]} Kh8
{[%clk 00:25:12]} {[%emt 00:06:05]} 42. Bd5 {[%clk 00:30:19]} {[%emt 00:01:56]}
Kg8 {[%clk 00:21:28]} {[%emt 00:04:14]} 43. Be4 {[%clk 00:28:59]} {[%emt
00:01:49]} Kh8 {[%clk 00:18:47]} {[%emt 00:03:11]} 44. Kh2 {[%clk 00:25:22]}
{[%emt 00:04:07]} Kg8 {[%clk 00:18:33]} {[%emt 00:00:44]} 45. Kh3 {[%clk
00:24:47]} {[%emt 00:01:05]} Kh8 {[%clk 00:17:36]} {[%emt 00:01:27]} 46. f3
{[%clk 00:23:08]} {[%emt 00:02:09]} Kg8 {[%clk 00:15:30]} {[%emt 00:02:36]} 47.
g4 {[%clk 00:21:38]} {[%emt 00:02:00]} hxg4+ {[%clk 00:15:38]} {[%emt
00:00:22]} 48. fxg4 {[%clk 00:21:55]} {[%emt 00:00:13]} Kh8 {[%clk 00:14:10]}
{[%emt 00:01:59]} 49. h5 {[%clk 00:17:42]} {[%emt 00:04:43]} Bh6 {[%clk
00:10:18]} {[%emt 00:04:22]} 50. Nd6 {[%clk 00:14:15]} {[%emt 00:03:57]} Rg7
{[%clk 00:10:15]} {[%emt 00:00:33]} 51. Bd5 {[%clk 00:13:03]} {[%emt 00:01:42]}
Kg8 {[%clk 00:08:45]} {[%emt 00:02:00]} 52. Nf5 {[%clk 00:11:09]} {[%emt
00:02:24]} Bg5 {[%clk 00:07:21]} {[%emt 00:01:54]} 53. Qb7 {[%clk 00:09:15]}
{[%emt 00:02:24]} Rh7 {[%clk 00:06:49]} {[%emt 00:01:02]} 54. Kg2 {[%clk
00:09:01]} {[%emt 00:00:43]} Kh8 {[%clk 00:04:42]} {[%emt 00:02:37]} 55. Kf3
{[%clk 00:08:31]} {[%emt 00:01:01]} Bd2 {[%clk 00:03:15]} {[%emt 00:01:57]} 56.
Be4 {[%clk 00:08:06]} {[%emt 00:00:54]} Bg5 {[%clk 00:02:16]} {[%emt 00:01:30]}
57. Kg2 {[%clk 00:07:28]} {[%emt 00:01:08]} Rg7 {[%clk 00:02:00]} {[%emt
00:00:46]} 58. h6 {[%clk 00:06:22]} {[%emt 00:01:36]} Rh7 {[%clk 00:01:40]}
{[%emt 00:00:50]} 59. Nd6 {[%clk 00:05:58]} {[%emt 00:00:54]} Bxh6 {[%clk
00:01:56]} {[%emt 00:00:14]} 60. Nxf7+ {[%clk 00:04:28]} {[%emt 00:02:00]} Rxf7
{[%clk 00:02:25]} 61. Qxf7 {[%clk 00:04:57]} {[%emt 00:00:01]} Bg7 {[%clk
00:00:57]} {[%emt 00:01:58]} 62. Kf3 {[%clk 00:03:18]} {[%emt 00:02:08]} f5
{[%clk 00:00:37]} {[%emt 00:00:51]} 63. Bxf5 {[%clk 00:03:10]} {[%emt
00:00:38]} Qf6 {[%clk 00:00:33]} {[%emt 00:00:34]} 64. Qd7 {[%clk 00:02:32]}
{[%emt 00:01:07]} Kg8 {[%clk 00:00:35]} {[%emt 00:00:29]} 65. Ke4 {[%clk
00:02:33]} {[%emt 00:00:28]} Kf8 {[%clk 00:00:38]} {[%emt 00:00:28]} 66. Qc8+
{[%clk 00:02:14]} {[%emt 00:00:49]} Ke7 {[%clk 00:00:49]} {[%emt 00:00:20]} 67.
Qc7+ {[%clk 00:01:48]} {[%emt 00:00:56]} Kf8 {[%clk 00:01:03]} {[%emt
00:00:16]} 68. Qd7 {[%clk 00:02:04]} {[%emt 00:00:12]} Qe7 {[%clk 00:00:58]}
{[%emt 00:00:37]} 69. Qc6 {[%clk 00:01:53]} {[%emt 00:00:39]} Qf6 {[%clk
00:01:05]} {[%emt 00:00:24]} 70. Qa8+ {[%clk 00:02:06]} {[%emt 00:00:17]} Ke7
{[%clk 00:01:28]} {[%emt 00:00:07]} 71. Qc8 {[%clk 00:02:12]} {[%emt 00:00:24]}
Qd6 {[%clk 00:00:44]} {[%emt 00:01:14]} 72. g5 {[%clk 00:02:24]} {[%emt
00:00:17]} Qd8 {[%clk 00:00:47]} {[%emt 00:00:27]} 73. Qb7+ {[%clk 00:02:27]}
{[%emt 00:00:27]} Kf8 {[%clk 00:00:34]} {[%emt 00:00:44]} 74. Bg6 {[%clk
00:02:17]} {[%emt 00:00:39]} Kg8 {[%clk 00:00:52]} {[%emt 00:00:13]} 75. Bf7+
{[%clk 00:02:33]} {[%emt 00:00:14]} Kf8 {[%clk 00:00:40]} {[%emt 00:00:43]} 76.
Bc4 {[%clk 00:01:59]} {[%emt 00:01:03]} Qe7 {[%clk 00:00:37]} {[%emt 00:00:33]}
77. Qc8+ {[%clk 00:01:57]} {[%emt 00:00:32]} Qe8 {[%clk 00:01:06]} 78. Qf5+
{[%clk 00:02:18]} {[%emt 00:00:09]} Ke7 {[%clk 00:01:35]} {[%emt 00:00:02]} 79.
Qe6+ {[%clk 00:01:46]} {[%emt 00:01:01]} Kd8 {[%clk 00:02:05]} 80. Qb6+ {[%clk
00:02:05]} {[%emt 00:00:10]} Ke7 {[%clk 00:02:27]} {[%emt 00:00:08]} 81. Kf5
{[%clk 00:01:27]} {[%emt 00:01:07]} Bh8 {[%clk 00:00:39]} {[%emt 00:02:19]} 82.
Qc5+ {[%clk 00:01:08]} {[%emt 00:00:48]} Kd8 {[%clk 00:01:05]} {[%emt
00:00:05]} 83. Qa5+ {[%clk 00:01:29]} {[%emt 00:00:09]} Ke7 {[%clk 00:01:26]}
{[%emt 00:00:08]} 84. Qb4+ {[%clk 00:01:16]} {[%emt 00:00:43]} Kd8 {[%clk
00:01:52]} {[%emt 00:00:05]} 85. Qb6+ {[%clk 00:01:24]} {[%emt 00:00:22]} Ke7
{[%clk 00:02:21]} {[%emt 00:00:01]} 86. Qc5+ {[%clk 00:01:08]} {[%emt
00:00:46]} Kd8 {[%clk 00:02:50]} {[%emt 00:00:01]} 87. Be6 {[%clk 00:01:24]}
{[%emt 00:00:13]} Qh5 {[%clk 00:01:17]} {[%emt 00:02:04]} 88. Qd6+ {[%clk
00:00:53]} {[%emt 00:01:02]} Ke8 {[%clk 00:01:46]} 89. Bd7+ {[%clk 00:00:56]}
{[%emt 00:00:27]} Kf7 {[%clk 00:02:16]} 90. Be6+ {[%clk 00:01:04]} {[%emt
00:00:22]} Ke8 {[%clk 00:02:33]} {[%emt 00:00:12]} 91. Qb8+ {[%clk 00:01:00]}
{[%emt 00:00:34]} Ke7 {[%clk 00:03:02]} {[%emt 00:00:02]} 92. Qc7+ {[%clk
00:01:14]} {[%emt 00:00:16]} Kf8 {[%clk 00:02:14]} {[%emt 00:01:17]} 93. Qc5+
{[%clk 00:01:10]} {[%emt 00:00:35]} Ke8 {[%clk 00:02:38]} {[%emt 00:00:06]} 94.
Qc8+ {[%clk 00:01:13]} {[%emt 00:00:26]} Ke7 {[%clk 00:03:07]} {[%emt
00:00:01]} 95. Qd7+ {[%clk 00:01:37]} {[%emt 00:00:06]} Kf8 {[%clk 00:03:31]}
{[%emt 00:00:06]} 96. Qd8+ {[%clk 00:01:30]} {[%emt 00:00:37]} Qe8 {[%clk
00:04:00]} {[%emt 00:00:01]} 97. Qd6+ {[%clk 00:01:33]} {[%emt 00:00:27]} Qe7
{[%clk 00:04:11]} {[%emt 00:00:19]} 98. Qb8+ {[%clk 00:01:29]} {[%emt
00:00:34]} Qe8 {[%clk 00:04:37]} {[%emt 00:00:04]} 99. Qb7 {[%clk 00:01:35]}
{[%emt 00:00:22]} Qh5 {[%clk 00:02:14]} {[%emt 00:02:55]} 100. Qa8+ {[%clk
00:01:36]} {[%emt 00:00:29]} Ke7 {[%clk 00:02:21]} {[%emt 00:00:23]} 101. Qa3+
{[%clk 00:01:53]} {[%emt 00:00:13]} Ke8 {[%clk 00:02:05]} {[%emt 00:00:46]} 102.
Qa4+ {[%clk 00:02:20]} {[%emt 00:00:03]} Kf8 {[%clk 00:02:06]} {[%emt
00:00:29]} 103. Qb4+ {[%clk 00:02:45]} {[%emt 00:00:06]} Ke8 {[%clk 00:02:30]}
{[%emt 00:00:06]} 104. Qb5+ {[%clk 00:02:50]} {[%emt 00:00:24]} Kf8 {[%clk
00:02:40]} {[%emt 00:00:20]} 105. Qc5+ {[%clk 00:03:11]} {[%emt 00:00:09]} Ke8
{[%clk 00:02:57]} {[%emt 00:00:13]} 106. Qc6+ {[%clk 00:03:28]} {[%emt
00:00:14]} Kf8 {[%clk 00:02:58]} {[%emt 00:00:29]} 107. Bd5 {[%clk 00:02:33]}
{[%emt 00:01:24]} Qh7+ {[%clk 00:02:23]} {[%emt 00:01:05]} 108. Kg4 {[%clk
00:02:55]} {[%emt 00:00:08]} Qe7 {[%clk 00:00:38]} {[%emt 00:02:14]} 109. Be4
{[%clk 00:03:20]} {[%emt 00:00:05]} Qf7 {[%clk 00:00:36]} {[%emt 00:00:33]} 110.
Bf5 {[%clk 00:03:19]} {[%emt 00:00:30]} Qe7 {[%clk 00:00:40]} {[%emt 00:00:27]}
111. Bg6 {[%clk 00:03:13]} {[%emt 00:00:36]} e4 {[%clk 00:00:33]} {[%emt
00:00:37]} 112. Bxe4 {[%clk 00:03:25]} {[%emt 00:00:18]} Be5 {[%clk 00:00:49]}
{[%emt 00:00:14]} 113. Qc8+ {[%clk 00:03:18]} {[%emt 00:00:37]} Kg7 {[%clk
00:01:09]} {[%emt 00:00:10]} 114. Bd5 {[%clk 00:03:34]} {[%emt 00:00:14]} Qf8
{[%clk 00:01:14]} {[%emt 00:00:26]} 115. Qd7+ {[%clk 00:03:57]} {[%emt
00:00:06]} Kh8 {[%clk 00:01:42]} 116. Kh5 {[%clk 00:04:17]} {[%emt 00:00:10]}
Bg7 {[%clk 00:00:32]} {[%emt 00:01:41]} 117. Kg6 {[%clk 00:04:33]} {[%emt
00:00:14]} Bh6 {[%clk 00:00:31]} {[%emt 00:00:32]} 118. Qh7# {[%clk 00:04:58]}
{[%emt 00:00:04]} 1-0

[Event "European Chess Club Cup 2023"]
[Site "Durres, Albania"]
[Date "2023.10.05"]
[Round "5.42"]
[White "Charmeteau, Sven"]
[Black "Sadikhov, Ulvi"]
[Result "0-1"]
[TimeControl "90' + 30' & 30\""]
[WhiteElo "2288"]
[BlackElo "2492"]

1. e4 {[%clk 01:30:58]} {[%emt 00:00:01]} c5 {[%clk 01:30:50]} {[%emt
00:00:10]} 2. Nf3 {[%clk 01:31:23]} {[%emt 00:00:06]} Nc6 {[%clk 01:31:12]}
{[%emt 00:00:07]} 3. d4 {[%clk 01:31:40]} {[%emt 00:00:13]} cxd4 {[%clk
01:31:36]} {[%emt 00:00:07]} 4. Nxd4 {[%clk 01:32:03]} {[%emt 00:00:07]} g6
{[%clk 01:31:59]} {[%emt 00:00:07]} 5. Nc3 {[%clk 01:32:14]} {[%emt 00:00:18]}
Bg7 {[%clk 01:32:23]} {[%emt 00:00:07]} 6. Be3 {[%clk 01:32:37]} {[%emt
00:00:07]} Nf6 {[%clk 01:32:47]} {[%emt 00:00:06]} 7. Bc4 {[%clk 01:32:56]}
{[%emt 00:00:11]} O-O {[%clk 01:33:01]} {[%emt 00:00:16]} 8. Bb3 {[%clk
01:33:16]} {[%emt 00:00:09]} Re8 {[%clk 01:33:14]} {[%emt 00:00:18]} 9. O-O
{[%clk 01:27:12]} {[%emt 00:06:33]} d6 {[%clk 01:30:31]} {[%emt 00:03:14]} 10.
h3 {[%clk 01:26:33]} {[%emt 00:01:09]} Na5 {[%clk 01:30:55]} {[%emt 00:00:06]}
11. Qd3 {[%clk 01:20:35]} {[%emt 00:06:28]} b6 {[%emt 00:04:54]} 12. Rae1
{[%clk 01:09:52]} {[%emt 00:11:10]} Nxb3 {[%clk 01:26:28]} {[%emt 00:00:35]} 13.
axb3 {[%clk 01:09:31]} {[%emt 00:00:51]} Bb7 {[%clk 01:26:51]} {[%emt
00:00:07]} 14. f4 {[%clk 01:08:09]} {[%emt 00:01:52]} a6 {[%clk 01:23:52]}
{[%emt 00:03:29]} 15. f5 {[%clk 00:52:42]} {[%emt 00:15:57]} b5 {[%clk
01:19:50]} {[%emt 00:04:33]} 16. Rf2 {[%clk 00:40:28]} {[%emt 00:12:43]} Nd7
{[%clk 00:57:55]} {[%emt 00:22:26]} 17. Bg5 {[%clk 00:33:49]} {[%emt 00:07:09]}
Ne5 {[%clk 00:44:45]} {[%emt 00:13:39]} 18. Qd1 {[%clk 00:34:05]} {[%emt
00:00:14]} Qa5 {[%clk 00:33:24]} {[%emt 00:11:52]} 19. Nd5 {[%clk 00:19:16]}
{[%emt 00:15:18]} Bxd5 {[%clk 00:32:56]} {[%emt 00:00:58]} 20. exd5 {[%clk
00:19:41]} {[%emt 00:00:05]} b4 {[%clk 00:31:07]} {[%emt 00:02:20]} 21. Nf3
{[%clk 00:16:34]} {[%emt 00:03:37]} Rad8 {[%clk 00:24:53]} {[%emt 00:06:43]} 22.
Ref1 {[%clk 00:07:23]} {[%emt 00:09:41]} Qc5 {[%clk 00:23:33]} {[%emt
00:01:50]} 23. Kh1 {[%clk 00:06:57]} {[%emt 00:00:57]} Nd7 {[%clk 00:23:21]}
{[%emt 00:00:42]} 24. Nh2 {[%clk 00:03:16]} {[%emt 00:04:11]} h6 {[%clk
00:20:09]} {[%emt 00:03:42]} 25. fxg6 {[%clk 00:01:24]} {[%emt 00:02:21]} fxg6
{[%clk 00:20:38]} {[%emt 00:00:02]} 26. Bh4 {[%clk 00:01:34]} {[%emt 00:00:20]}
g5 {[%clk 00:18:58]} {[%emt 00:02:09]} 27. Bg3 {[%clk 00:01:56]} {[%emt
00:00:09]} Nf6 {[%clk 00:19:23]} {[%emt 00:00:05]} 28. Rf5 {[%clk 00:01:57]}
{[%emt 00:00:28]} Rc8 {[%clk 00:17:17]} {[%emt 00:02:37]} 29. Qe1 {[%clk
00:02:23]} {[%emt 00:00:04]} Qxc2 {[%clk 00:16:06]} {[%emt 00:01:40]} 30. Qe6+
{[%clk 00:01:11]} {[%emt 00:01:43]} Kh8 {[%clk 00:16:32]} {[%emt 00:00:04]} 31.
Ng4 {[%clk 00:01:17]} {[%emt 00:00:24]} Qxb3 {[%clk 00:13:13]} {[%emt
00:03:49]} 32. Nxf6 {[%clk 00:00:35]} {[%emt 00:01:12]} exf6 {[%clk 00:13:19]}
{[%emt 00:00:24]} 33. Qxd6 {[%clk 00:00:58]} {[%emt 00:00:07]} Red8 {[%clk
00:10:27]} {[%emt 00:03:22]} 34. R5f3 {[%clk 00:01:24]} {[%emt 00:00:04]} Qxd5
{[%clk 00:08:10]} {[%emt 00:02:47]} 35. Qxb4 {[%clk 00:01:38]} {[%emt
00:00:16]} Rc2 {[%clk 00:07:51]} {[%emt 00:00:48]} 36. Be1 {[%clk 00:00:33]}
{[%emt 00:01:35]} Qb5 {[%clk 00:05:39]} {[%emt 00:02:42]} 37. Qxb5 {[%clk
00:00:40]} {[%emt 00:00:24]} axb5 {[%clk 00:06:05]} {[%emt 00:00:04]} 38. Bc3
{[%clk 00:01:00]} {[%emt 00:00:10]} Rd6 {[%clk 00:04:08]} {[%emt 00:02:26]} 39.
b3 {[%clk 00:01:16]} {[%emt 00:00:14]} Kh7 {[%clk 00:03:42]} {[%emt 00:00:57]}
40. Bxf6 {[%clk 00:01:06]} {[%emt 00:00:40]} Bxf6 {[%clk 00:03:46]} {[%emt
00:00:25]} 41. Rxf6 {[%clk 00:01:35]} Rxf6 {[%clk 00:04:04]} {[%emt 00:00:13]}
42. Rxf6 {[%clk 00:02:04]} {[%emt 00:00:01]} Rc3 {[%clk 00:04:27]} {[%emt
00:00:07]} 43. h4 {[%clk 00:27:02]} {[%emt 00:05:32]} gxh4 {[%clk 00:25:00]}
{[%emt 00:09:57]} 44. b4 {[%clk 00:27:05]} {[%emt 00:00:27]} Rc4 {[%clk
00:23:49]} {[%emt 00:01:40]} 45. Kh2 {[%clk 00:27:30]} {[%emt 00:00:05]} Rxb4
{[%clk 00:24:00]} {[%emt 00:00:19]} 46. Kh3 {[%clk 00:27:58]} {[%emt 00:00:02]}
Rd4 {[%clk 00:18:47]} {[%emt 00:05:43]} 47. Rb6 {[%clk 00:10:07]} {[%emt
00:18:21]} b4 {[%clk 00:19:11]} {[%emt 00:00:06]} 48. Rc6 {[%clk 00:10:33]}
{[%emt 00:00:04]} Kg7 {[%clk 00:19:29]} {[%emt 00:00:12]} 49. Rb6 {[%clk
00:10:57]} {[%emt 00:00:07]} h5 {[%clk 00:14:30]} {[%emt 00:05:29]} 50. Rb5
{[%clk 00:11:24]} {[%emt 00:00:02]} Kf6 {[%clk 00:12:15]} {[%emt 00:02:46]} 51.
Rxh5 {[%clk 00:11:45]} {[%emt 00:00:09]} Ke6 {[%clk 00:12:40]} {[%emt
00:00:05]} 52. g4 {[%clk 00:11:33]} {[%emt 00:00:41]} hxg3 {[%clk 00:12:37]}
{[%emt 00:00:34]} 53. Kxg3 {[%clk 00:11:53]} {[%emt 00:00:09]} Kd6 {[%clk
00:12:06]} {[%emt 00:01:01]} 54. Kf3 {[%clk 00:11:55]} {[%emt 00:00:28]} Rd5
{[%clk 00:12:03]} {[%emt 00:00:33]} 55. Rh8 {[%clk 00:07:29]} {[%emt 00:04:56]}
Kc5 {[%clk 00:10:48]} {[%emt 00:01:45]} 56. Ke4 {[%clk 00:07:57]} {[%emt
00:00:02]} Rd7 {[%clk 00:10:44]} {[%emt 00:00:34]} 0-1

[Event "European Chess Club Cup 2023"]
[Site "Durres, Albania"]
[Date "2023.10.05"]
[Round "5.43"]
[White "Yankelevich, Lev"]
[Black "Floor, Dirk"]
[Result "1-0"]
[TimeControl "90' + 30' & 30\""]
[WhiteElo "2399"]
[BlackElo "2166"]

1. d4 {[%clk 01:30:54]} {[%emt 00:00:05]} Nf6 {[%clk 01:30:46]} {[%emt
00:00:14]} 2. c4 {[%clk 01:30:52]} {[%emt 00:00:32]} e6 {[%clk 01:31:02]}
{[%emt 00:00:15]} 3. g3 {[%clk 01:30:40]} {[%emt 00:00:43]} c5 {[%clk
01:31:16]} {[%emt 00:00:15]} 4. d5 {[%clk 01:31:04]} {[%emt 00:00:06]} exd5
{[%clk 01:31:36]} {[%emt 00:00:11]} 5. cxd5 {[%clk 01:31:27]} {[%emt 00:00:06]}
d6 {[%clk 01:31:58]} {[%emt 00:00:08]} 6. Nc3 {[%clk 01:31:47]} {[%emt
00:00:10]} g6 {[%clk 01:32:19]} {[%emt 00:00:09]} 7. Nf3 {[%clk 01:32:09]}
{[%emt 00:00:08]} Bg7 {[%clk 01:32:41]} {[%emt 00:00:09]} 8. Bg2 {[%clk
01:32:34]} {[%emt 00:00:05]} O-O {[%clk 01:33:00]} {[%emt 00:00:10]} 9. O-O
{[%clk 01:32:53]} {[%emt 00:00:11]} Re8 {[%clk 01:29:37]} {[%emt 00:03:52]} 10.
Re1 {[%clk 01:29:50]} {[%emt 00:03:34]} a6 {[%clk 01:27:25]} {[%emt 00:02:43]}
11. a4 {[%clk 01:30:10]} {[%emt 00:00:10]} Ne4 {[%clk 01:25:50]} {[%emt
00:02:03]} 12. Nxe4 {[%clk 01:23:50]} {[%emt 00:06:50]} Rxe4 {[%clk 01:26:09]}
{[%emt 00:00:12]} 13. Nd2 {[%clk 01:24:15]} {[%emt 00:00:05]} Rb4 {[%clk
01:26:05]} {[%emt 00:00:34]} 14. Ra2 {[%clk 01:22:21]} {[%emt 00:02:24]} Nd7
{[%clk 01:17:48]} {[%emt 00:08:46]} 15. b3 {[%clk 01:20:14]} {[%emt 00:02:38]}
a5 {[%clk 01:12:33]} {[%emt 00:05:46]} 16. Qc2 {[%clk 01:07:00]} {[%emt
00:13:43]} b5 {[%clk 01:06:29]} {[%emt 00:06:35]} 17. Ba3 {[%clk 01:05:23]}
{[%emt 00:02:06]} bxa4 {[%clk 01:02:43]} {[%emt 00:04:16]} 18. Bxb4 {[%clk
01:05:41]} {[%emt 00:00:12]} axb3 {[%clk 01:02:11]} {[%emt 00:01:02]} 19. Nxb3
{[%clk 01:05:52]} {[%emt 00:00:20]} cxb4 {[%clk 01:02:20]} {[%emt 00:00:21]} 20.
Rxa5 {[%clk 01:05:36]} {[%emt 00:00:46]} Rxa5 {[%clk 01:02:18]} {[%emt
00:00:31]} 21. Nxa5 {[%clk 01:06:01]} {[%emt 00:00:05]} Bc3 {[%clk 00:58:36]}
{[%emt 00:04:12]} 22. Nc6 {[%clk 01:05:34]} {[%emt 00:00:57]} Qf6 {[%clk
00:34:26]} {[%emt 00:24:39]} 23. Rb1 {[%clk 01:02:56]} {[%emt 00:03:08]} Ne5
{[%clk 00:31:49]} {[%emt 00:03:08]} 24. Nxb4 {[%clk 00:59:13]} {[%emt
00:04:12]} Ng4 {[%clk 00:28:55]} {[%emt 00:03:24]} 25. Nd3 {[%clk 00:58:56]}
{[%emt 00:00:47]} Bf5 {[%clk 00:22:00]} {[%emt 00:07:26]} 26. e4 {[%clk
00:59:04]} {[%emt 00:00:22]} Bd7 {[%clk 00:19:57]} {[%emt 00:02:33]} 27. Rb7
{[%clk 00:59:23]} {[%emt 00:00:10]} Be8 {[%clk 00:17:11]} {[%emt 00:03:16]} 28.
Rb8 {[%clk 00:59:48]} {[%emt 00:00:05]} Kf8 {[%clk 00:17:16]} {[%emt 00:00:25]}
29. Rc8 {[%clk 00:59:59]} {[%emt 00:00:19]} Bd4 {[%clk 00:17:03]} {[%emt
00:00:44]} 30. Rxe8+ {[%clk 01:00:23]} {[%emt 00:00:06]} 1-0